000 01261nam a2200301Ia 4500
003 GCL
008 140319s9999 xx 000 0 ara d
020 _a9539208977
040 _aGCL /
_cGCL
082 0 4 _a341.52
_bص ت
100 1 _aصالح يحيى الشاعرى
245 1 0 _aتسوية النزاعات الدولية سلميا /
_cصالح يحيى الشاعرى
250 _aالاولى
260 _aالقاهرة :
_bمكتبة مدبولى ،
_c2006
300 _a510 ص ؛
_c24 سم
650 0 4 _aالنزاع العربى الاسرائيلى
650 0 4 _aالسياسة الدولية
650 0 4 _aالعلاقات الخارجية
650 0 4 _aالامن الدولى
650 0 4 _aالتسوية السلمية للمنازعات الدولية
650 0 4 _aالالتزامات الدولية
650 0 4 _aالمنظمات الدولية الاقليمية
650 0 4 _aالعراق - تاريخ - العصر الحديث - الاحتلال الامريكي
650 0 4 _aالمنظمات الدولية الاقليمية - الوساطة الدولية
650 0 4 _aاليمن - المنازعات الدولية
650 0 4 _aالشرق الاوسط - المنازعات الدولية
942 _2ddc
_cBK
999 _c7942
_d7942